| 000 | 00829nam a22002417a 4500 | ||
|---|---|---|---|
| 999 |
_c5956 _d5956 |
||
| 003 | AR-CdUCM | ||
| 008 | 190313b ||||| |||| 00| 0 spa d | ||
| 020 | _a84-02-07531-2 | ||
| 040 |
_aMUNICIPALIDAD PROVINCIAL DEL CUSCO _cBIBLIOTECA MUNICIPAL DEL CUSCO |
||
| 082 |
_a818.5 / _bC27 |
||
| 100 |
_aCapote, Truman _91602 |
||
| 245 | _aA sangre fría / | ||
| 260 |
_aBarcelona : _bBruguera, _c1980. |
||
| 300 |
_a444 paginas ; _c18 cm. |
||
| 500 | _aDonación de la familia Nieto. | ||
| 505 | _aContenido :Los últimos que los vieron vivos -- Personas desconocidas -- Respuesta -- El rincón. | ||
| 650 |
_aNovelas estadounidenses _9734 |
||
| 650 |
_aLiteratura del siglo XX _97647 |
||
| 650 |
_aLiteratura estadounidense _911000 |
||
| 700 |
_aRodriguez, Fernando (traductor) _917479 |
||
| 942 |
_2ddc _cLIBROS |
||
| 945 | _arum | ||